000 01443cam a2200133 4500500
005 20260322000427.0
041 _afre
042 _adc
100 1 0 _aSénac, Philippe
_eauthor
245 0 0 _aLe monde musulman : Des origines au XIe siècle
260 _bArmand Colin,
_c2025.
520 _aL’étude du monde musulman est essentielle pour comprendre les grands équilibres du Moyen Âge, mais aussi éclairer notre connaissance du monde arabe contemporain. En effet, au début du VIIe siècle apparaît une civilisation nouvelle et conquérante qui bouleverse définitivement les structures du monde antique pour donner naissance à un immense empire allant de l’Atlantique à l’océan Indien.Pour aborder cet espace, où le politique et le religieux sont étroitement liés, cette histoire du monde musulman des origines au XIe siècle a volontairement privilégié une approche événementielle en s’arrêtant aux années 950-1050, période charnière pendant laquelle se produisent d’importants changements au sein du monde arabo-musulman.Photos, plans, généalogies et nombreux extraits de textes enrichissent l’ouvrage et un dossier d’annexes présente divers éléments destinés à des commentaires et fournissent les principaux instruments nécessaires à la compréhension de la civilisation islamique.
856 4 1 _uhttps://shs.cairn.info/le-monde-musulman--9782200639242?lang=fr&redirect-ssocas=7080
999 _c1706077
_d1706077